000 00277nam a22001217a 4500
008 181204b xxu||||| |||| 00| 0 eng d
041 _aeng
080 _a004
100 _a28
101 _aSHKI
245 _aTeach Yourself...Word Perfect 6.0
_cWeingarten, J
942 _2udc
_cBK
999 _c52794
_d52794